| 000 | 03641nam a2200385 a 4500 | ||
|---|---|---|---|
| 003 | CHAP | ||
| 005 | 20240612103732.0 | ||
| 007 | ta | ||
| 008 | 231110s2021 mx adbofom||| 001 0 spa d | ||
| 040 | _erda | ||
| 041 | _aspa | ||
| 100 | 1 |
_9188258 _aValente Morales, Yulinali |
|
| 245 | 1 | 0 |
_aProcesamiento y caracterización de biocompuestos de ácido poliláctico y fibra del bonote de coco / _cYulinali Valente Morales |
| 264 |
_aChapingo, México : _bEl autor, _c2021 |
||
| 300 |
_a1 recurso en línea (79 páginas) : _bilustraciones, tablas, gráficas, mapas, fotos |
||
| 336 |
_2rdacontent _atexto _btxt |
||
| 337 |
_2rdamedia _acomputadora _bc |
||
| 338 |
_2rdacarrier _arecurso en línea _bcr |
||
| 502 |
_aTesis _bIA _cAgroindustrias _d2021 _gLIC |
||
| 504 | _aBibliografía: páginas 70-79 | ||
| 520 | 3 | _aLos desechos generados por residuos agroindustriales plantean un problema de contaminación, debido a que ya no son usados en la cadena alimentaria, pero podrían generar subproductos a base de estos desechos que serían utilizados para otras funciones. Los desechos de origen vegetal en especial las fibras de naturales, han generado interés, por que desempeñan un papel importante como refuerzo; la adición fibras naturales a una matriz polimérica se genera un biocompuesto, que va a presentar una mejora en sus propiedades mecánicas. Ejemplo de desecho agroindustrial es la fibra de mesocarpio de coco (FMC), es un desecho que no es aprovechado en la actualidad. En La presente investigación se caracterizó la fibra de mesocarpio de coco, evaluando sus propiedades físicas, químicas, entre los métodos utilizados fueron: análisis proximal, contenido de fenoles totales, espectroscopia de infrarrojo con transformada de Fourier, densidad aparente, caracterización morfológica y composición elemental. Posterior a la caracterización de la fibra de mesocarpio de coco, ésta se molió y utilizó en forma de partícula (PMC), para incorporarla en la matriz polimérica de ácido poliláctico (PLA). Se realizaron tres formulaciones con 2%, 5%, 8% peso de las partículas de FMC y el control; para la elaboracióndel biocompuesto, la FMC y el PLA se procesó por el método de extrusión. A los biocompuestos formulados se les determinaron sus propiedades mecánicas, térmicas, estructurales y morfológicas. Los biocompuestos presentaron una disminución en las propiedades mecánicas al ir aumentado el contenido de PMC en la matriz de PLA, a excepción en la formulación de 5% de PMC presentó un mayor módulo elástico. El análisis térmico nos mostró que los biocompuestos con PMC presentaron una mejor estabilidad térmica que la matriz de PLA. La caracterización morfológica nos indica que los biocompuestos con 2 y 5% de PMC presentan superficies rugosas, en cambio el de 8% de PMC tiene fracturas y zonas más débiles. | |
| 650 | 1 | 3 |
_9154290 _aCocos (fruto) _xResiduos de plantas _2atg |
| 650 | 1 | 3 |
_9188262 _aFibra del coco _xDesechos agrícolas _2atg |
| 650 | 1 | 3 |
_9188265 _aBiocompuestos _2atg |
| 650 | 1 | 3 |
_9188267 _aÁcido poliláctico _2atg |
| 650 | 1 | 3 |
_9152640 _aCoconuts _xPlant residues _2atg |
| 650 | 1 | 3 |
_9188264 _aCoir _xAgricultural wastes _2atg |
| 650 | 1 | 3 |
_9188266 _aBiocomposites _2atg |
| 650 | 1 | 3 |
_9188268 _aPolylactic acid _2atg |
| 700 | 1 |
_9161492 _aMontoya Ballesteros, Luz del Carmen _edirectora |
|
| 700 | 1 |
_9188269 _aMadera Santana, Tomás Jesús _easesor |
|
| 700 | 1 |
_9118517 _aVelázquez Castillo, Alejandra _easesora |
|
| 856 | 4 | 0 |
_uhttp://10.13.5.2/tesis/tl/1212531-3__Valente_Morales_Yulinali.pdf _yDESCARGAR PDF |
| 942 |
_2Clasificación Universidad Autónoma Chapingo _cTD |
||
| 999 |
_c219383 _d219383 |
||